MyGZULibrary

My traitor's heart : (Record no. 537)

MARC details
000 -LEADER
fixed length control field 01073cam a2200325 a 4500
001 - CONTROL NUMBER
control field 1980254
003 - CONTROL NUMBER IDENTIFIER
control field GZU
005 - DATE AND TIME OF LATEST TRANSACTION
control field 20200904110937.0
008 - FIXED-LENGTH DATA ELEMENTS--GENERAL INFORMATION
fixed length control field 890621s1990 nyu 000 0aeng
010 ## - LIBRARY OF CONGRESS CONTROL NUMBER
LC control number 89015169
020 ## - INTERNATIONAL STANDARD BOOK NUMBER
International Standard Book Number 009977870X :
Terms of availability $19.95
040 ## - CATALOGING SOURCE
Original cataloging agency DLC
Transcribing agency DLC
Modifying agency DLC
043 ## - GEOGRAPHIC AREA CODE
Geographic area code f-sa---
050 00 - LIBRARY OF CONGRESS CALL NUMBER
Classification number CT1929 MAL
Item number 1990
100 1# - MAIN ENTRY--PERSONAL NAME
Personal name Malan, Rian.
Relator term author
245 10 - TITLE STATEMENT
Title My traitor's heart :
Remainder of title blood and bad dreams: a South African explores the madness in his country, his tribe and himself /
Statement of responsibility, etc. Rian Malan.
260 ## - PUBLICATION, DISTRIBUTION, ETC.
Place of publication, distribution, etc. New York:
Name of publisher, distributor, etc. Atlantic Monthly Press,
Date of publication, distribution, etc. c1990.
300 ## - PHYSICAL DESCRIPTION
Extent 416p. ;
Dimensions 24 cm.
500 ## - GENERAL NOTE
General note "A Morgan Entrekin book."
600 10 - SUBJECT ADDED ENTRY--PERSONAL NAME
Personal name Malan, Rian.
600 10 - SUBJECT ADDED ENTRY--PERSONAL NAME
Personal name Malan, Rian
General subdivision Family.
600 30 - SUBJECT ADDED ENTRY--PERSONAL NAME
Personal name Malan family.
650 #0 - SUBJECT ADDED ENTRY--TOPICAL TERM
Topical term or geographic name entry element Huguenots
Geographic subdivision South Africa
General subdivision Biography.
650 #0 - SUBJECT ADDED ENTRY--TOPICAL TERM
Topical term or geographic name entry element Exiles
Geographic subdivision South Africa
General subdivision Biography.
650 #0 - SUBJECT ADDED ENTRY--TOPICAL TERM
Topical term or geographic name entry element Huguenots
Geographic subdivision South Africa
General subdivision Genealogy.
651 #0 - SUBJECT ADDED ENTRY--GEOGRAPHIC NAME
Geographic name South Africa
General subdivision Biography.
906 ## - LOCAL DATA ELEMENT F, LDF (RLIN)
a 7
b cbc
c orignew
d 1
e ocip
f 19
g y-gencatlg
942 ## - ADDED ENTRY ELEMENTS (KOHA)
Source of classification or shelving scheme Library of Congress Classification
Koha item type Books
Classification part 1929
Item part MAL
Call number prefix CT
Holdings
Withdrawn status Lost status Source of classification or shelving scheme Damaged status Not for loan Collection code Home library Current library Shelving location Date acquired Total Checkouts Full call number Barcode Date last seen Copy number Price effective from Koha item type
    Library of Congress Classification     Non-fiction City Campus Library City Campus Library General Stacks 09/04/2020   CT1929 MAL 1990 024999 09/04/2020 c. 1 09/04/2020 Books